000 00815cam a2200241 a 4500
001 000014254
003 DO-SdBNP
005 20241209095149.0
008 801218s1980 mx b 000 0 spa
020 _a9682309859
040 _aDO-SdBNP
_bspa
_cBNPHU
082 4 _a330.97291
_bC962s
_222
110 _aNaciones Unidas.
_bComisión Economica para América Latina y el Caribe
_93086
245 1 0 _aCuba :
_bestilo de desarrollo y políticas sociales.
260 _aMéxico :
_bSiglo Veintiuno,
_c1980.
300 _a195 p. ;
_c21 cm.
651 4 _aCuba
_xCondiciones económicas
_y1959-1990.
_922739
651 4 _aCuba
_xPolítica económica
_930926
651 4 _aCuba
_xCondiciones sociales
_y1959-
_921417
651 4 _aCuba
_xPolítica social
_932187
910 _aCatalogación por copia / LC
942 _2ddc
_cLBS1
999 _c13851
_d13851